Zmaturuj z chémie [sprievodca stredškolským učivom chémie : príprava na novú podobu maturity : príprava na prijímacie skúšky na vysoké školy : pre študentov stredných škôl a ich učiteľov]

Salvato in:
Dettagli Bibliografici
Altri autori: Benešová, Marika (Compilatore), Satrapová, Hana (Compilatore), Chrenčíková, Helena (Traduttore)
Natura: Libro
Lingua:slovacco
ceco
Pubblicazione: Bratislava Didaktis [2004]
Edizione:1. vyd.
Serie:Zmaturuj!
Soggetti:
Accesso online:Visualizza in OPAC
Tags: Aggiungi Tag
Nessun Tag, puoi essere il primo ad aggiungerne!!

MARC

LEADER 00000nam a2200000 a 4500
005 20260127134121.0
008 091028s2004 xo ka fr 001 0 slo c
020 |a 8073580306 (brož.) 
035 |a vtls009964541 
039 9 |a 201811151213  |b mschk03  |c 201204200915  |d mvkhe01  |y 200910281500  |z mkuuk01 
040 |a KURUK  |b slo  |c KURUK  |d STUSCHK1  |e AACR2 
041 1 |a cze 
044 |a xo  |c SK 
072 7 |a 54  |x Chémia. Mineralogické vedy  |2 konspekt 
072 7 |a 577  |x Biochémia. Molekulárna biológia. Biofyzika  |2 konspekt 
080 |a 54  |2 2001 
080 |a 546  |2 2001 
080 |a 547  |2 2001 
080 |a 577.1  |2 2001 
080 |a (075.3)  |2 2001 
245 0 0 |a Zmaturuj z chémie  |b [sprievodca stredškolským učivom chémie : príprava na novú podobu maturity : príprava na prijímacie skúšky na vysoké školy : pre študentov stredných škôl a ich učiteľov]  |c [Marika Benešová, Hana Satrapová] 
246 3 0 |a Sprievodca stredškolským učivom chémie 
246 3 0 |a Príprava na novú podobu maturity 
246 3 0 |a Príprava na prijímacie skúšky na vysoké školy 
246 3 0 |a Pre študentov stredných škôl a ich učiteľov 
250 |a 1. vyd. 
260 |a Bratislava  |b Didaktis  |c [2004] 
300 |a 208 s.  |b grafy, tab.  |c 24 cm 
490 0 |a Zmaturuj! 
500 |a Podnázov z obálky 
500 |a Publikácia bola spracovanápodľa českej publikácie Odmaturuj z chemie (Didaktis, Brno 2002) 
504 |a obsahuje register 
650 0 7 |a chémia  |2 SNKPH 
650 0 7 |a organická chémia  |2 SNKPH 
650 0 7 |a anorganická chémia  |2 SNKPH 
650 0 7 |a biochémia  |2 SNKPH 
655 7 |a učebnice stredných škôl  |2 SNKPH 
700 1 |a Benešová, Marika  |4 com 
700 1 |a Satrapová, Hana  |4 com 
700 1 |a Chrenčíková, Helena  |4 trl 
710 1 |a Didaktis, s.r.o.  |4 dst 
910 |a kuruk 
910 |a hevk 
910 |a SCHK95 
919 |a 80-7358-030-6 
999 |c 4481  |d 4481